<?xml version="1.0" encoding="UTF-8"?>
<record
    xmlns:xsi="http://www.w3.org/2001/XMLSchema-instance"
    xsi:schemaLocation="http://www.loc.gov/MARC21/slim http://www.loc.gov/standards/marcxml/schema/MARC21slim.xsd"
    xmlns="http://www.loc.gov/MARC21/slim">

  <leader>01874nam a22002657a 4500</leader>
  <datafield tag="999" ind1=" " ind2=" ">
    <subfield code="c">59444</subfield>
    <subfield code="d">59444</subfield>
  </datafield>
  <controlfield tag="003">Ge_BSU</controlfield>
  <controlfield tag="005">20230216173116.0</controlfield>
  <controlfield tag="008">230216s2017    ge ||||| |||| 00| 0 geo d</controlfield>
  <datafield tag="020" ind1=" " ind2=" ">
    <subfield code="a">9789941096624</subfield>
  </datafield>
  <datafield tag="041" ind1=" " ind2=" ">
    <subfield code="a">geo</subfield>
  </datafield>
  <datafield tag="080" ind1=" " ind2=" ">
    <subfield code="a">364.632-055.2+ 342.726-055.2 &#x10D1;-37</subfield>
  </datafield>
  <datafield tag="100" ind1=" " ind2=" ">
    <subfield code="a">&#x10D1;&#x10D0;&#x10EE;&#x10E2;&#x10D0;&#x10EB;&#x10D4;, &#x10E5;&#x10D4;&#x10D7;&#x10D4;&#x10D5;&#x10D0;&#x10DC;</subfield>
    <subfield code="9">16957</subfield>
  </datafield>
  <datafield tag="245" ind1=" " ind2=" ">
    <subfield code="a">&#x10D0;&#x10E0;&#x10D0;&#x10E6;&#x10D8;&#x10D0;&#x10E0;&#x10D4;&#x10D1;&#x10E3;&#x10DA;&#x10D8; &#x10EB;&#x10D0;&#x10DA;&#x10D0;&#x10D3;&#x10DD;&#x10D1;&#x10D0; :</subfield>
    <subfield code="b">&#x10E1;&#x10D0;&#x10DB;&#x10D0;&#x10E0;&#x10D7;&#x10D0;&#x10DA;&#x10EC;&#x10D0;&#x10E0;&#x10DB;&#x10DD;&#x10D4;&#x10D1;&#x10D8;&#x10E1; &#x10D0;&#x10DC;&#x10D2;&#x10D0;&#x10E0;&#x10D8;&#x10E8;&#x10D8; = Unidentifield violence : Litigation report /</subfield>
    <subfield code="c">&#x10D0;&#x10D5;&#x10E2;&#x10DD;&#x10E0;&#x10D8; &#x10E5;&#x10D4;&#x10D7;&#x10D4;&#x10D5;&#x10D0;&#x10DC; &#x10D1;&#x10D0;&#x10EE;&#x10E2;&#x10D0;&#x10EB;&#x10D4; ; &#x10DB;&#x10D7;&#x10D0;&#x10E0;&#x10D2;&#x10DB;&#x10DC;&#x10D4;&#x10DA;&#x10D8; &#x10D7;. &#x10D1;&#x10D4;&#x10E0;&#x10D8;&#x10D0; ; &#x10E0;&#x10D4;&#x10D3;&#x10D0;&#x10E5;&#x10E2;&#x10DD;&#x10E0;&#x10D8; &#x10D4;&#x10D9;&#x10D0;&#x10E2;&#x10D4;&#x10E0;&#x10D8;&#x10DC;&#x10D4; &#x10D0;&#x10E6;&#x10D3;&#x10D2;&#x10DD;&#x10DB;&#x10D4;&#x10DA;&#x10D0;&#x10E8;&#x10D5;&#x10D8;&#x10DA;&#x10D8; ; &#x10E7;&#x10D3;&#x10D8;&#x10E1; &#x10D3;&#x10D8;&#x10D6;&#x10D0;&#x10D8;&#x10DC;&#x10D8; &#x10D2;. &#x10EC;&#x10D4;&#x10E0;&#x10D4;&#x10D7;&#x10D4;&#x10DA;&#x10D8;.</subfield>
  </datafield>
  <datafield tag="264" ind1=" " ind2=" ">
    <subfield code="a">&#x10D7;&#x10D1;&#x10D8;&#x10DA;&#x10D8;&#x10E1;&#x10D8; :</subfield>
    <subfield code="b">"&#x10E5;&#x10D0;&#x10DA;&#x10D7;&#x10D0; &#x10D8;&#x10DC;&#x10D8;&#x10EA;&#x10D8;&#x10E2;&#x10D8;&#x10D5;&#x10D4;&#x10D1;&#x10D8;&#x10E1; &#x10DB;&#x10EE;&#x10D0;&#x10E0;&#x10D3;&#x10D0;&#x10DB;&#x10ED;&#x10D4;&#x10E0;&#x10D8; &#x10EF;&#x10D2;&#x10E3;&#x10E4;&#x10D8;" (WISG),</subfield>
    <subfield code="c"> 2017.</subfield>
  </datafield>
  <datafield tag="300" ind1=" " ind2=" ">
    <subfield code="a">179 &#x10D2;&#x10D5;. ;</subfield>
    <subfield code="b"> 21 &#x10E1;&#x10DB;.</subfield>
  </datafield>
  <datafield tag="500" ind1=" " ind2=" ">
    <subfield code="a">&#x10D2;&#x10D0;&#x10E0;&#x10D4;&#x10D9;&#x10D0;&#x10DC;&#x10D6;&#x10D4; &#x10D3;&#x10D0; &#x10D7;&#x10D0;&#x10D5;&#x10E4;&#x10E3;&#x10E0;&#x10EA;&#x10D4;&#x10DA;&#x10D6;&#x10D4; &#x10D0;&#x10D5;&#x10E2;&#x10DD;&#x10E0;&#x10D8; &#x10D0;&#x10E6;&#x10DC;&#x10D8;&#x10E8;&#x10DC;&#x10E3;&#x10DA;&#x10D8; &#x10D0;&#x10E0; &#x10D0;&#x10E0;&#x10D8;&#x10E1;.</subfield>
  </datafield>
  <datafield tag="501" ind1=" " ind2=" ">
    <subfield code="a">&#x10E2;&#x10D4;&#x10E5;&#x10E1;&#x10E2;&#x10D8; &#x10D3;&#x10D0; &#x10E0;&#x10D4;&#x10D6;&#x10D8;&#x10E3;&#x10DB;&#x10D4; &#x10D0;&#x10D2;&#x10E0;&#x10D4;&#x10D7;&#x10D5;&#x10D4; &#x10D8;&#x10DC;&#x10D2;&#x10DA;. &#x10D4;&#x10DC;&#x10D0;&#x10D6;&#x10D4;.</subfield>
  </datafield>
  <datafield tag="504" ind1=" " ind2=" ">
    <subfield code="a">&#x10D1;&#x10D8;&#x10D1;&#x10DA;&#x10D8;&#x10DD;&#x10D2;&#x10E0;.: &#x10D2;&#x10D5;. 88-95 &#x10D3;&#x10D0; 168-173.</subfield>
  </datafield>
  <datafield tag="653" ind1=" " ind2=" ">
    <subfield code="a">	&#x10EB;&#x10D0;&#x10DA;&#x10D0;&#x10D3;&#x10DD;&#x10D1;&#x10D0; &#x10E5;&#x10D0;&#x10DA;&#x10D4;&#x10D1;&#x10D6;&#x10D4;.</subfield>
  </datafield>
  <datafield tag="653" ind1=" " ind2=" ">
    <subfield code="a">	&#x10E1;&#x10D4;&#x10E5;&#x10E1;&#x10E3;&#x10D0;&#x10DA;&#x10E3;&#x10E0; &#x10E3;&#x10DB;&#x10EA;&#x10D8;&#x10E0;&#x10D4;&#x10E1;&#x10DD;&#x10D1;&#x10D0;&#x10D7;&#x10D0; &#x10D3;&#x10D8;&#x10E1;&#x10D9;&#x10E0;&#x10D8;&#x10DB;&#x10D8;&#x10DC;&#x10D0;&#x10EA;&#x10D8;&#x10D0;</subfield>
  </datafield>
  <datafield tag="700" ind1=" " ind2=" ">
    <subfield code="a">&#x10D1;&#x10D4;&#x10E0;&#x10D8;&#x10D0;, &#x10D7;.</subfield>
    <subfield code="e">&#x10DB;&#x10D7;&#x10D0;&#x10E0;&#x10D2;&#x10DB;&#x10DC;&#x10D4;&#x10DA;&#x10D8;</subfield>
    <subfield code="9">16958</subfield>
  </datafield>
  <datafield tag="700" ind1=" " ind2=" ">
    <subfield code="a">&#x10D0;&#x10E6;&#x10D3;&#x10D2;&#x10DD;&#x10DB;&#x10D4;&#x10DA;&#x10D0;&#x10E8;&#x10D5;&#x10D8;&#x10DA;&#x10D8;, &#x10D4;&#x10D9;&#x10D0;&#x10E2;&#x10D4;&#x10E0;&#x10D8;&#x10DC;&#x10D4;</subfield>
    <subfield code="e">&#x10E0;&#x10D4;&#x10D3;&#x10D0;&#x10E5;&#x10E2;&#x10DD;&#x10E0;&#x10D8;</subfield>
    <subfield code="9">16959</subfield>
  </datafield>
  <datafield tag="700" ind1=" " ind2=" ">
    <subfield code="a">&#x10EC;&#x10D4;&#x10E0;&#x10D4;&#x10D7;&#x10D4;&#x10DA;&#x10D8;, &#x10D2;.</subfield>
    <subfield code="e">&#x10E7;&#x10D3;&#x10D8;&#x10E1; &#x10D3;&#x10D8;&#x10D6;&#x10D0;&#x10D8;&#x10DC;&#x10D4;&#x10E0;&#x10D8;</subfield>
    <subfield code="9">16960</subfield>
  </datafield>
  <datafield tag="942" ind1=" " ind2=" ">
    <subfield code="2">udc</subfield>
    <subfield code="c">BK</subfield>
  </datafield>
  <datafield tag="952" ind1=" " ind2=" ">
    <subfield code="0">0</subfield>
    <subfield code="1">0</subfield>
    <subfield code="2">udc</subfield>
    <subfield code="4">0</subfield>
    <subfield code="6">3646320552_3427260552_&#x10D1;37</subfield>
    <subfield code="7">0</subfield>
    <subfield code="9">93809</subfield>
    <subfield code="a">CPL</subfield>
    <subfield code="b">CPL</subfield>
    <subfield code="c">GEN</subfield>
    <subfield code="d">2023-02-16</subfield>
    <subfield code="g">5.00</subfield>
    <subfield code="o">364.632-055.2+ 342.726-055.2 &#x10D1;-37</subfield>
    <subfield code="p">63831</subfield>
    <subfield code="r">2023-02-16</subfield>
    <subfield code="t">63831</subfield>
    <subfield code="w">2023-02-16</subfield>
    <subfield code="y">BK</subfield>
    <subfield code="z">5 &#x10DA;.</subfield>
  </datafield>
</record>
